书目信息 |
| 题名: |
姑娘, 愿你有个自己说了算的人生
|
|
| 作者: | 易小宛 著 | |
| 分册: | ||
| 出版信息: | 南昌 江西教育出版社 2019.07 |
|
| 页数: | 304页 | |
| 开本: | 21cm | |
| 丛书名: | ||
| 单 册: | ||
| 中图分类: | I267 | |
| 科图分类: | ||
| 主题词: | 散文集--san wen ji--中国--当代 | |
| 电子资源: | ||
| ISBN: | 978-7-5705-1123-5 | |
| 000 | 00876nam0 2200241 450 | |
| 001 | 2061322667 | |
| 005 | 20201106170209.12 | |
| 010 | @a978-7-5705-1123-5@dCNY39.80 | |
| 100 | @a20190717d2019 em y0chiy50 ea | |
| 101 | 0 | @achi |
| 102 | @aCN@b360000 | |
| 105 | @aa z 000cy | |
| 200 | 1 | @a姑娘, 愿你有个自己说了算的人生@Agu niang , yuan ni you ge zi ji shuo le suan de ren sheng@f易小宛著 |
| 210 | @a南昌@c江西教育出版社@d2019.07 | |
| 215 | @a304页@c图@d21cm | |
| 312 | @a英文题名取自封面 | |
| 330 | @a本书是一部为现代女性读者打造的励志文集。主要内容包括: 再见“差不多”姑娘、愿你有个自己说了算的人生、行走江湖, 带刺的善良会更好等8个部分。 | |
| 510 | 1 | @aGirl, may you have a life of your own@zeng |
| 606 | 0 | @a散文集@Asan wen ji@y中国@z当代 |
| 690 | @aI267@v5 | |
| 701 | 0 | @a易小宛@Ayi xiao wan@4著 |
| 801 | 0 | @aCN@b人天书店@c20201025 |
| 905 | @aZUCC@dI267@eY557 | |
| 姑娘, 愿你有个自己说了算的人生/易小宛著.-南昌:江西教育出版社,2019.07 |
| 304页:图;21cm |
| ISBN 978-7-5705-1123-5:CNY39.80 |
| 本书是一部为现代女性读者打造的励志文集。主要内容包括: 再见“差不多”姑娘、愿你有个自己说了算的人生、行走江湖, 带刺的善良会更好等8个部分。 |
| ● |
| 相关链接 |
|
|
|
正题名:姑娘, 愿你有个自己说了算的人生
索取号:I267/Y557
 
预约/预借
| 序号 | 登录号 | 条形码 | 馆藏地/架位号 | 状态 | 备注 |
| 1 | 1483295 | 214832957 | 社科二线422/422社科库 28排4列3层/ [索取号:I267/Y557] | 在馆 | |
| 2 | 1483296 | 214832966 | 文学库116/116文学库 8排1列4层/ [索取号:I267/Y557] | 在馆 |